Con đường thiên lý

Uloženo v:
Podrobná bibliografie
Hlavní autor: Nguyễn, Hiến Lê
Médium: Kniha
Jazyk:Undetermined
Vydáno: Hà Nội Văn hóa Thông tin 2001
Témata:
Tagy: Přidat tag
Žádné tagy, Buďte první, kdo otaguje tento záznam!
Thư viện lưu trữ: Trung tâm Học liệu Trường Đại học Cần Thơ
LEADER 00517nam a2200169Ia 4500
001 CTU_49053
008 210402s9999 xx 000 0 und d
082 |a 895.9223 
082 |b L250 
100 |a Nguyễn, Hiến Lê 
245 0 |a Con đường thiên lý 
245 0 |c Nguyễn Hiến Lê 
260 |a Hà Nội 
260 |b Văn hóa Thông tin 
260 |c 2001 
650 |a Vietnamese fiction,Tiểu thuyết Việt Nam 
980 |a Trung tâm Học liệu Trường Đại học Cần Thơ